000 00566nam a22001937a 4500
005 20251108165208.0
008 250721s2006 xx 000 0 ara d
082 1 4 _aط/599.88/عال
245 1 0 _aكل شيء عن الشيمبانزي /
264 1 _aبيروت :
_bالدار العربية،
_c2006.
300 _a28ص.
490 0 _aعالم الحيوان
650 1 7 _aالحيوانات
650 1 7 _aالقرود
653 _aالشمبانزي
653 _aاطفال مرحله متوسطه (6-9)سنوات
942 _2ddc
_cBK
999 _c21832
_d21832